| 000 | 10165namaa22004571i 4500 | ||
|---|---|---|---|
| 003 | EG-GICUC | ||
| 005 | 20260413161302.0 | ||
| 008 | 260413s2025 ua a|||frm||| 000 0 eng d | ||
| 040 |
_aEG-GICUC _beng _cEG-GICUC _dEG-GICUC _erda |
||
| 041 | 0 |
_aeng _beng _bara |
|
| 049 | _aDeposit | ||
| 082 | 0 | 4 | _a616.99446 |
| 092 |
_a616.99446 _221 |
||
| 097 | _aPh.D | ||
| 099 | _aCai01.19.05.Ph.D.2025.So.O | ||
| 100 | 0 |
_aSoha Sayed Mohamed Aly Amer, _epreparation. |
|
| 245 | 1 | 0 |
_aOutcome of pediatric patients with hodgkin lymphoma showing adequate response according to a modified euronet protocol / _cby Soha Sayed Mohamed Aly Amer ; Supervision Dr. Sherif Abou Elnaga Abou Elnaga, Dr. Hany Abdelrahman Sayed, Dr. Esraa Ahmed Elkhouly, Dr. Ahmed Hussein Elgammal. |
| 246 | 1 | 5 | _aنتائج مرضى الأطفال الذين يعانون من سرطان الغدد الليمفاوية هودجكين والتي تظهر استجابة كافية وفقًا لبروتوكول يورونت المعدل |
| 264 | 0 | _c2025. | |
| 300 |
_a149 pages : _billustrations ; _c25 cm. + _eCD. |
||
| 336 |
_atext _2rda content |
||
| 337 |
_aUnmediated _2rdamedia |
||
| 338 |
_avolume _2rdacarrier |
||
| 502 | _aThesis (Ph.D)-Cairo University, 2025. | ||
| 504 | _aBibliography: pages 118-149. | ||
| 520 | 3 | _aBackground and aims: Classic Hodgkin lymphoma (cHL) is one of the most curable pediatric cancers, with survival rates exceeding 90%. However, survivors are at high risk of secondary cancers, infertility, and cardiovascular disease after chemo-radiotherapy. This study aimed to assess the 2-year EFS and acute chemotherapy toxicities in patients showing adequate response after 2 OEPA chemotherapy cycles according to the EuroNet protocol treated without radiotherapy in all treatment groups. Patients and Methods: In this prospective study, 108 patients were treated (median age 9.1 years) between March 1, 2019 and December 31, 2019, based on a strategy of treatment adapted to response according to a modified EuroNet protocol. Twenty-eight (25.9%) of the 108 recruited patients were in treatment group 1 (early-stage disease), 39.8% in treatment group 2 (intermediate-stage disease; n=43) and 34.3% in treatment group 3 (advanced-stage disease; n=37). Median follow-up was 40.3 months. Results: The cumulative EFS at 3 years was 91.2 %. The most common grade 3–4 adverse events were decreased white blood cells (43.5% during OEPA vs 3.8% treated with COPDAC cycles), decreased neutrophils (75.5% vs 11.8%) and decreased hemoglobin (13.4% vs 3.0%). Grade 3 fever/neutropenia episodes were experienced in 31.9% during OEPA vs 2.3% during COPDAC cycles. No treatment-related deaths occurred. Conclusions: Our results showed that radiotherapy can be safely omitted in patients who adequately responded to treatment, when consolidated with COPDAC. A high proportion of patients could therefore be spared radiotherapy, eventually reducing the late effects of treatment. | |
| 520 | 3 | _aالخلفية العلمية و الهدف من الرساله: تقييم بقاء المرضى على قيد الحياة خالية من الأحداث لمدة عامين في المرضى الذين أظهروا استجابة كافية بعد دورتين من العلاج بـOEPA دون العلاج الإشعاعي في جميع مجموعات العلاج، استنادًا إلى استراتيجية العلاج المعتمدة على الاستجابة وفقًا لبروتوكول يورونت المعدل. طرق البحث : تم إجراء هذه الدراسة التدخلية المستقبلية غير المسيطر عليها على 108 مرضى أطفال تم تشخيصهم حديثًا بسرطان الغدد الليمفاوية هودجكين الكلاسيكي، تم تجنيدهم في مستشفى سرطان الأطفال في مصر (CCHE 57357). تم تصنيف المرضى إلى ثلاث مجموعات علاجية (TG-1، TG-2، TG-3) بناءً على المرحلة ووجود أعراض B أو آفات E. يتلقى جميع المرضى دورتين من العلاج الكيميائي باستخدام OEPA، تليها تقييم الاستجابة باستخدام التصوير المقطعي بالإصدار البوزيتروني / التصوير المقطعي المحوسب النتائج: • كان معظم المرضى من الذكور (74%) بمتوسط عمر 9.1 سنوات. كانت أعراض B موجودة في 37% من المرضى وكان المرض الكبير في 8.3%. تم تشخيص المرض في مرحلة متقدمة (المرحلة الثالثة–الرابعة) لدى 45% من المرضى. وكان النوع النسجي الأكثر شيوعًا هو التصلب العقدي (73%)، يليه الخلايا المختلطة (24.1%). عند التشخيص، تم تصنيف 25.9% من المرضى في المجموعة العلاجية TG-1، و39.8% في TG-2، و34.3% في TG-3، حيث تلقوا 3 و4 و6 دورات علاج كيميائي على التوالي وفقًا لبروتوكول يورونت المعدل. • في وقت الانتكاسة قبل تلقي العلاج العلاجي الثاني، كان متوسط الوقت حتى الانتكاسة 12.5 شهرًا (المجال 5.0–16.0 سنة)، مع تجربة 33.3% من المرضى للانتكاسة المبكرة و66.7% للانتكاسة المتأخرة. فيما يتعلق بمرحلة المرض، كان 44.5% من المرضى في المرحلة الثانية، و22.2% في المرحلة الثالثة، و33.3% في المرحلة الرابعة. من الناحية النسيجية، كان النوع الخلوي المختلط موجودًا في 55.5% من الحالات والتصلب العقدي في 44.4%. كان المرض الكبير موجودًا في 33.3% من المرضى، جميعهم كانوا يعانون من مرض في المنصف، بينما تم الإبلاغ عن أعراض B في مريض واحد فقط (11.1%). • أثناء 216 دورة من العلاج الكيميائي باستخدام OEPA، تم مراقبة السمية الحادة بشكل دقيق. كانت أكثر السميات الدموية من الدرجة 3-4 شيوعًا تشمل انخفاض العدلات في 75.5% من الدورات، وانخفاض خلايا الدم البيضاء في 43%، وانخفاض الهيموجلوبين في 13.4%، وانخفاض الصفائح الدموية في 4.2%. كانت السمية الكلوية نادرة، حيث تم الإبلاغ عن ارتفاع الكرياتينين (الدرجة 3) في دورة واحدة فقط (0.5%)، ولم يتم الإبلاغ عن أي حالات من التهاب المثانة النزفي من الدرجة 3-4. تضمنت السميات الكبدية زيادة في إنزيم أسبارتاتترانسفيراز من الدرجة 3 في 1.9% من الدورات، وزيادة في إنزيم ألانينأمينوترانسفيراز من الدرجة 3-4 في 5.1%، وزيادة في البيليروبين من الدرجة 3 في 4.2%. كانت السمية القلبية ضئيلة، حيث تم ملاحظة ضعف في الكسر القذفي من الدرجة 4 في دورة واحدة (0.5%). حدثت التهابات خلال المرحلة اللوكوبينية في 12.1% من الدورات. لم يتم الإبلاغ عن أي حالات وفاة متعلقة بالعلاج. • بين 262 دورة من العلاج الكيميائي باستخدام COPDAC، كانت السميات من الدرجة 3-4 نادرة. كانت السميات الدموية تشمل انخفاض عدد خلايا الدم البيضاء من الدرجة 3 في 3.8% من الدورات، وانخفاض العدلات في 11.8%، وانخفاض الهيموجلوبين في 3%؛ ولم يتم ملاحظة أي سميات من الدرجة 4 أو انخفاض في الصفائح الدموية. كانت السميات الكلوية والتهاب المثانة النزفي غائبة في جميع الدورات. كانت السميات الكبدية نادرة، حيث حدثت زيادة في إنزيمات أسبارتاتترانسفيرازو ألانينأمينوترانسفيراز من الدرجة 3 في 0.38% من الدورات، وزيادة في البيليروبين في 0.76%؛ ولم يتم الإبلاغ عن أي سميات كبدية من الدرجة 4. أصيب مريض واحد (0.38%) بسمية قلبية من الدرجة 3 (ضعف في الكسر القذفي)، ودورة واحدة (0.38%) تضمنت عدوى من الدرجة 3 خلال المرحلة اللوكوبينية. لم تحدث أي حالات وفاة متعلقة بالعلاج. • كان متوسط فترة المتابعة 40.3 شهرًا (تتراوح من 5.1 إلى 48.5 شهرًا). كانت نسبة البقاء على قيد الحياة خالية من الأحداث التراكمية بعد سنة 99.1%، وبعد سنتين 92.2%، وبعد ثلاث سنوات 91.2%. خلال فترة الدراسة، لم يتوفَّ أي من المرضى. | |
| 530 | _aIssues also as CD. | ||
| 546 | _aText in English and abstract in Arabic & English. | ||
| 650 | 0 | _aHodgkin's disease | |
| 650 | 0 | _aسرطان الغدد الليمفاوية هودجكين | |
| 653 | 1 |
_aPediatric Hodgkin lymphoma (HL) _aadequate responders _atoxicities _asurvival _aهودجكين ليمفوما _aاستجابة مبكرة |
|
| 700 | 0 |
_aSherif Abou Elnaga Abou Elnaga _ethesis advisor. |
|
| 700 | 0 |
_aHany Abdelrahman Sayed _ethesis advisor. |
|
| 700 | 0 |
_aEsraa Ahmed Elkhouly _ethesis advisor. |
|
| 700 | 0 |
_aAhmed Hussein Elgammal _ethesis advisor. |
|
| 900 |
_b01-01-2025 _cSherif Abou Elnaga Abou Elnaga _cHany Abdelrahman Sayed _cEsraa Ahmed Elkhouly _cAhmed Hussein Elgammal _UCairo University _FNational Cancer Institute _DDepartment of Pediatric Oncology |
||
| 905 | _aShimaa | ||
| 942 |
_2ddc _cTH _e21 _n0 |
||
| 999 | _c179443 | ||